[Event "CZE-ch 2020"]
[Site "Pilsen"]
[Date "2020.08.26"]
[Round "4.14"]
[White "Brejnik, Gustav"]
[Black "Flajsman, Pavel"]
[Result "1-0"]
[WhiteElo "2265"]
[BlackElo "2184"]
[Annotator "ChessBase"]
[PlyCount "93"]
[EventDate "2020.08.23"]
[EventType "swiss"]
[EventCountry "CZE"]
[SourceTitle "playchess.com"]
[Source "ChessBase"]
[SourceQuality "1"]
[TimeControl "40/5400+30:1800+30"]

1. d4 {[%emt 0:00:00]} Nf6 {[%emt 0:00:00]} 2. c4 {[%emt 0:00:00]} g6 {[%emt 0:00:00]} 3. f3 {[%emt 0:00:00]} d5 {[%emt 0:00:31]} 4. cxd5 {[%emt 0:00:00]} Nxd5 {[%emt 0:00:18]} 5. e4 {[%emt 0:00:00]} Nb6 {[%emt 0:00:06]} 6. Nc3 {[%emt 0:00:12]} Bg7 {[%emt 0:00:14]} 7. Be3 {[%emt 0:00:06]} O-O {[%emt 0:04:39]} 8. Qd2 {[%emt 0:00:33]} Nc6 {[%emt 0:07:25]} 9. O-O-O {[%emt 0:00:32]} e5 {[%emt 0:03:42]} 10. d5 {[%emt 0:00:31]} Nd4 {[%emt 0:09:03]} 11. f4 {[%emt 0:00:17]} c5 {[%emt 0:00:47]} 12. dxc6 {[%emt 0:17:48]} Nxc6 {[%emt 0:04:00]} 13. Qf2 {[%emt 0:00:27]} Bd7 {[%emt 0:13:52]} 14. f5 {[%emt 0:11:45]} Nd4 {[%emt 0:13:04]} 15. Nf3 {[%emt 0:06:28]} Nxf3 {[%emt 0:14:01]} 16. gxf3 {[%emt 0:00:27]} Qc8 {[%emt 0:01:12]} 17. Kb1 {[%emt 0:01:44]} Bc6 {[%emt 0:07:26]} 18. h4 {[%emt 0:12:34]} Rd8 {[%emt 0:00:48]} 19. Bd3 {[%emt 0:00:17]} Rd7 {[%emt 0:07:15]} 20. fxg6 {[%emt 0:11:14]} fxg6 {[%emt 0:00:19]} 21. h5 {[%emt 0:00:29]} g5 {[%emt 0:03:38]} 22. Bxg5 {[%emt 0:00:37]} Qf8 {[%emt 0:01:00]} 23. h6 {[%emt 0:00:33]} Bf6 {[%emt 0:00:06]} 24. Qh4 {[%emt 0:06:31]} Rd6 {[%emt 0:04:32]} 25. Bc2 {[%emt 0:01:27]} Nd7 {[%emt 0:00:07]} 26. Bb3+ {[%emt 0:00:18]} Kh8 {[%emt 0:00:06]} 27. Rxd6 {[%emt 0:00:31]} Qxd6 {[%emt 0:00:19]} 28. Rd1 {[%emt 0:00:04]} Qe7 {[%emt 0:00:08]} 29. Rxd7 {[%emt 0:04:12]} Bxg5 {[%emt 0:00:05]} 30. Rxe7 {[%emt 0:00:04]} Bxh4 {[%emt 0:00:04]} 31. Rxe5 {[%emt 0:00:04]} Re8 {[%emt 0:03:49]} 32. Rf5 {[%emt 0:01:40]} Bf2 {[%emt 0:01:51]} 33. Rf7 {[%emt 0:02:07]} Be3 {[%emt 0:00:26]} 34. f4 {[%emt 0:00:47]} Bd4 {[%emt 0:01:03]} 35. e5 {[%emt 0:01:17]} Bc5 {[%emt 0:01:02]} 36. Bc2 {[%emt 0:00:27]} Kg8 {[%emt 0:00:11]} 37. Rg7+ {[%emt 0:00:11]} Kf8 {[%emt 0:00:15]} 38. Bb3 {[%emt 0:01:26]} Be3 {[%emt 0:00:55]} 39. Rf7+ {[%emt 0:00:36]} Kg8 {[%emt 0:00:01]} 40. Rxb7+ {[%emt 0:00:35]} Kh8 {[%emt 0:00:03]} 41. Rf7 {[%emt 0:30:10]} Rg8 {[%emt 0:04:08]} 42. Kc2 {[%emt 0:00:00]} Be8 {[%emt 0:01:15]} 43. Rf6 {[%emt 0:00:00]} Bg6+ {[%emt 0:01:01]} 44. f5 {[%emt 0:00:00]} Bxf5+ {[%emt 0:00:59]} 45. Rxf5 {[%emt 0:00:00]} Rg2+ {[%emt 0:00:03]} 46. Kd3 {[%emt 0:00:00]} Bxh6 {[%emt 0:00:03]} 47. e6 {[%emt 0:00:00]} 1-0

[Event "CZE-ch 2020"]
[Site "Pilsen"]
[Date "2020.08.26"]
[Round "4.15"]
[White "Paseka, Matyas"]
[Black "Klement, Lukas"]
[Result "1-0"]
[WhiteElo "1959"]
[BlackElo "2260"]
[Annotator "TA"]
[PlyCount "149"]
[EventDate "2020.08.23"]
[EventType "swiss"]
[EventCountry "CZE"]
[SourceTitle "playchess.com"]
[Source "ChessBase"]
[SourceQuality "1"]

{[%evp 13,149,-9,-21,-25,-17,-26,-24,-37,-28,-31,-20,-20,-20,-13,-18,-21,-21,-34,-23,-37,-31,-43,-43,-47,-36,-78,-85,-91,-41,-33,-35,-177,-170,-165,-166,-156,-167,-159,-174,-173,-176,-170,-179,-170,-143,-132,-117,-167,-118,-124,-85,-91,-79,-83,-78,-81,-72,-93,-89,-83,-88,-127,-70,-66,-71,-94,-93,-94,-81,-82,-81,-81,-65,-65,-69,-110,-73,-72,-75,-63,-70,-71,-73,-76,-49,-77,-72,-73,-68,-67,-60,-63,-14,-20,-61,-62,0,0,0,0,0,0,0,0,1020,173,210,199,2560,1131,1933,1689,12834,12835,12836,12836,12848,12835,12841,12841,12841,12838,12838,12839,12839,12839,12845,12845,12845,12846,12846,12847,27999,27999,27999,27999,27999,27999]} 1. e4 e6 2. d4 d5 3. Nd2 Nc6 4. Ngf3 Nf6 5. Bd3 Nb4 6. O-O Nxd3 7. cxd3 Be7 8. Re1 {C04: French Tarrasch: 3...Nc6.} O-O 9. Nf1 b6 {[#]} 10. Bg5 $146 {Black has an edge.} ({Predecessor:} 10. Ng3 Bb7 11. Qb3 Nd7 12. Be3 c5 13. dxc5 Nxc5 14. Bxc5 Bxc5 15. Rad1 Qd7 16. d4 {0-1 (66) Habans Aguerrea,J (1930)-Urriza Iricibar,P (2232) San Sebastian 2018}) 10... h6 11. Bh4 Bb7 {[%cal Rd5e4]} 12. e5 Nd7 13. Bxe7 Qxe7 14. Rc1 c5 15. dxc5 bxc5 16. d4 Rfc8 17. Ne3 a5 18. dxc5 Nxc5 19. Qd4 Ba6 20. Rc3 Rc7 21. Rec1 {[%cal Rc3c5]} Rac8 22. Nd2 {[#]} (22. Ne1 $15) 22... Nd3 $1 $19 {[%cal Rd3c1][%mdl 512]} 23. R1c2 (23. Rxd3 Rxc1+) 23... Nb4 24. Rxc7 Rxc7 25. Rxc7 Qxc7 26. Nb3 Nxa2 27. Qa4 Nc1 {aiming for ...Nxb3.} 28. Qxa5 Qxa5 29. Nxa5 {[%mdl 4096] Endgame KBN-KNN} Nd3 30. Nc6 Nxb2 31. Nc2 Kf8 32. f4 Bd3 33. N2d4 Ke8 34. Kf2 Nc4 35. g3 Kd7 36. Nb4 Bb1 37. Ke2 f6 (37... Kc7 $17 38. Nd3 Kb6) 38. Nbc6 $15 Bg6 39. Kf3 Be8 40. Ke2 Bh5+ 41. Kd3 Bg4 42. Nb8+ Kc7 43. Na6+ Kd8 44. Nc6+ Ke8 45. Nc5 Bf5+ 46. Ke2 fxe5 47. fxe5 Bg4+ 48. Kd3 Kf7 49. Nd8+ Ke7 50. Nc6+ Ke8 51. h4 Bf5+ 52. Ke2 Kf8 53. Kf3 Nd2+ 54. Kf4 h5 (54... Ne4 $1 $15 55. Nxe4 Bxe4) 55. Nd4 $11 Ne4 56. Ncxe6+ Bxe6 57. Nxe6+ {KN-KN} Kf7 58. Nc7 {Hoping for e6+.} Nc3 $2 {[%mdl 8192] [#]} (58... Nc5 $11 59. Nxd5 Nd3+ 60. Ke4 Nc5+ 61. Ke3 Ke6 62. Nf4+ Kxe5) 59. e6+ $1 $18 Kf6 60. Ne8+ Kxe6 $2 (60... Ke7 61. Nxg7 d4 62. Nxh5 Kxe6) 61. Nxg7+ {[%mdl 64] Double Attack} Kd6 62. Nxh5 d4 {[#]} 63. Kf3 $1 Ke5 64. Nf4 Nd1 65. Nd3+ Kd5 66. h5 Ke6 67. Kf4 Ne3 68. g4 Nd5+ 69. Kg5 Ne3 70. h6 Kf7 71. Ne5+ Kf8 72. Kg6 Nxg4 73. Nxg4 {White mates.} Kg8 74. h7+ Kh8 75. Nh6 {Quite a comeback for White. Accuracy: White = 87%, Black = 70%.} 1-0

[Event "CZE-ch 2020"]
[Site "Pilsen"]
[Date "2020.08.26"]
[Round "4.16"]
[White "Toman, Ondrej"]
[Black "Babula, Vlastimil"]
[Result "0-1"]
[WhiteElo "2233"]
[BlackElo "2571"]
[Annotator "TA"]
[PlyCount "84"]
[EventDate "2020.08.23"]
[EventType "swiss"]
[EventCountry "CZE"]
[SourceTitle "playchess.com"]
[Source "ChessBase"]
[SourceQuality "1"]

{[%evp 9,84,6,22,23,27,26,19,-7,-4,-6,-8,-18,-15,-52,51,0,0,0,0,0,0,-9,0,-54,0,-55,-43,-93,-94,-91,-90,-166,-110,-117,-108,-121,-114,-115,-115,-151,-110,-125,-125,-156,-111,-199,-165,-166,-173,-150,-158,-180,-191,-180,-196,-245,-251,-268,-253,-307,-304,-454,-399,-503,-485,-527,-516,-637,-608,-606,-632,-658,-484,-907,-873,-826,-775]} 1. d4 Nf6 2. Bf4 b6 3. e3 Bb7 4. Nf3 e6 5. Bd3 g6 6. Nbd2 {A47: 1 d4 Nf6 2 Nf3 b6: Torre, London and Colle Systems.} Bg7 7. e4 O-O {[#]} 8. Qe2 $146 {The position is equal.} ({Predecessor:} 8. c3 d6 9. h3 Nbd7 10. O-O e5 11. Bg5 h6 12. Bh4 Re8 13. Re1 a6 14. a4 {0-1 (40) Demchenko,A (2641)-Oparin,G (2652) chess.com INT 2020}) 8... Nh5 9. Be3 f5 10. Bg5 Qe8 11. Nb3 c5 (11... fxe4 $15 12. Bxe4 d5) 12. e5 ({Better is} 12. exf5 $1 $14 gxf5 13. O-O-O) 12... Nc6 $11 13. dxc5 Qb8 {[%cal Rc6e5]} 14. O-O-O Nxe5 15. Nxe5 Bxe5 16. Kb1 (16. Bb5 $11) 16... Bf4 (16... Bxg2 $15 17. Rhg1 Bd5) 17. Be7 (17. Bh4 $1 $11) 17... Rf7 $15 18. Bd6 Bxd6 19. cxd6 Qxd6 20. Bxf5 (20. Ba6 $17 {is a better defense.} Bxa6 21. Qxa6) 20... Qf8 ({Black should play} 20... Qc7 $19 21. Be4 Nf4) 21. Be4 $17 Rxf2 22. Qe3 Bxe4 23. Qxe4 Nf6 24. Qd3 Rc8 25. Rhf1 Nd5 ({Inferior is} 25... Rfxc2 26. Qf3 $14) 26. c3 Qf6 27. Nd4 {[#]} (27. Nd2 $17 Rxf1 28. Rxf1) 27... Ne3 $1 {[%mdl 512]} 28. Rxf2 (28. Qxe3 Rxf1) 28... Qxf2 29. Rc1 Nc4 $40 {[%csl Gc4][%cal Rf2b2][%mdl 128] Black attacks with force.} 30. Qe2 Qxe2 31. Nxe2 $19 {[%mdl 4096] Endgame KRN-KRN} Rf8 32. Ng3 Ne3 33. c4 Rf2 ({Much less strong is} 33... Nxg2 34. b3 $19) 34. c5 Rxg2 35. b4 (35. cxb6 $142 axb6 36. Rc8+ Kf7 37. Rc3) 35... Nd5 36. b5 bxc5 {Black is clearly winning.} 37. Rxc5 Rxh2 38. a4 h5 39. a5 h4 40. Ne4 Re2 41. b6 (41. Ng5 $142 Kg7 42. Rc8) 41... axb6 ({Wrong is} 41... Rxe4 $2 42. bxa7 Kf7 43. a8=Q $18) 42. Rc8+ Kg7 {Accuracy: White = 35%, Black = 79%.} 0-1

[Event "CZE-ch 2020"]
[Site "Pilsen"]
[Date "2020.08.26"]
[Round "4.17"]
[White "Vybiral, Zdenek"]
[Black "Havelka, Josef"]
[Result "1/2-1/2"]
[WhiteElo "2221"]
[BlackElo "2367"]
[Annotator "ChessBase"]
[PlyCount "73"]
[EventDate "2020.08.23"]
[EventType "swiss"]
[EventCountry "CZE"]
[SourceTitle "playchess.com"]
[Source "ChessBase"]
[SourceQuality "1"]
[TimeControl "40/5400+30:1800+30"]

1. c4 {[%emt 0:00:00]} c6 {[%emt 0:00:05]} 2. e4 {[%emt 0:00:00]} e5 {[%emt 0:01:00]} 3. Nf3 {[%emt 0:00:34]} d6 {[%emt 0:00:53]} 4. d4 {[%emt 0:00:15]} Nd7 {[%emt 0:01:06]} 5. Nc3 {[%emt 0:00:23]} Ngf6 {[%emt 0:01:06]} 6. Be2 {[%emt 0:00:26]} Be7 {[%emt 0:00:47]} 7. O-O {[%emt 0:00:26]} O-O {[%emt 0:00:39]} 8. Be3 {[%emt 0:03:05]} Ng4 {[%emt 0:03:35]} 9. Bd2 {[%emt 0:01:06]} Re8 {[%emt 0:01:37]} 10. d5 {[%emt 0:00:54]} Nf8 {[%emt 0:12:02]} 11. Ne1 {[%emt 0:14:53]} Nf6 {[%emt 0:02:30]} 12. Nd3 {[%emt 0:11:33]} Ng6 {[%emt 0:09:34]} 13. Re1 {[%emt 0:00:34]} Bf8 {[%emt 0:05:24]} 14. Bf1 {[%emt 0:00:28]} Bg4 {[%emt 0:03:04]} 15. f3 {[%emt 0:02:30]} Bd7 {[%emt 0:06:37]} 16. Be3 {[%emt 0:01:59]} Nh5 {[%emt 0:08:21]} 17. g3 {[%emt 0:00:48]} Be7 {[%emt 0:05:49]} 18. dxc6 {[%emt 0:30:08]} bxc6 {[%emt 0:00:44]} 19. c5 {[%emt 0:00:10]} Be6 {[%emt 0:17:44]} 20. f4 {[%emt 0:02:05]} exf4 {[%emt 0:01:51]} 21. gxf4 {[%emt 0:00:16]} Bh4 {[%emt 0:04:44]} 22. Qxh5 {[%emt 0:00:50]} Bxe1 {[%emt 0:00:12]} 23. Rxe1 {[%emt 0:00:14]} Bc4 {[%emt 0:03:48]} 24. cxd6 {[%emt 0:12:19]} Bxd3 {[%emt 0:02:18]} 25. Bxd3 {[%emt 0:00:06]} Qxd6 {[%emt 0:00:03]} 26. Bc4 {[%emt 0:00:16]} Qb4 {[%emt 0:01:01]} 27. Bb3 {[%emt 0:05:37]} a5 {[%emt 0:01:03]} 28. Rf1 {[%emt 0:05:23]} a4 {[%emt 0:01:15]} 29. Bxf7+ {[%emt 0:00:07]} Kxf7 {[%emt 0:00:07]} 30. f5 {[%emt 0:00:04]} Kg8 {[%emt 0:01:04]} 31. fxg6 {[%emt 0:00:05]} hxg6 {[%emt 0:00:12]} 32. Qxg6 {[%emt 0:00:10]} Rf8 {[%emt 0:01:17]} 33. Qe6+ {[%emt 0:03:17]} Kh8 {[%emt 0:00:08]} 34. Qh3+ {[%emt 0:00:30]} Kg8 {[%emt 0:00:09]} 35. Qe6+ {[%emt 0:00:04]} Kh8 {[%emt 0:00:04]} 36. Qh3+ {[%emt 0:01:01]} Kg8 {[%emt 0:00:06]} 37. Qe6+ {[%emt 0:00:05]} 1/2-1/2

[Event "CZE-ch 2020"]
[Site "Pilsen"]
[Date "2020.08.26"]
[Round "4.18"]
[White "Serrano Salvador, Eduardo"]
[Black "Frank, Adam"]
[Result "1-0"]
[WhiteElo "2299"]
[BlackElo "2219"]
[Annotator "ChessBase"]
[PlyCount "103"]
[EventDate "2020.08.23"]
[EventType "swiss"]
[EventCountry "CZE"]
[SourceTitle "playchess.com"]
[Source "ChessBase"]
[SourceQuality "1"]
[TimeControl "40/5400+30:1800+30"]

1. d4 {[%emt 0:00:00]} Nf6 {[%emt 0:00:00]} 2. Nf3 {[%emt 0:00:00]} g6 {[%emt 0:00:00]} 3. c4 {[%emt 0:00:08]} Bg7 {[%emt 0:00:00]} 4. g3 {[%emt 0:00:41]} O-O {[%emt 0:00:00]} 5. Bg2 {[%emt 0:00:04]} d6 {[%emt 0:00:00]} 6. O-O {[%emt 0:00:15]} Nbd7 {[%emt 0:00:00]} 7. Nc3 {[%emt 0:00:30]} e5 {[%emt 0:00:01]} 8. h3 {[%emt 0:00:22]} c6 {[%emt 0:00:04]} 9. e4 {[%emt 0:00:15]} Qb6 {[%emt 0:00:06]} 10. c5 {[%emt 0:00:25]} dxc5 {[%emt 0:00:04]} 11. dxe5 {[%emt 0:00:13]} Ne8 {[%emt 0:00:04]} 12. Na4 {[%emt 0:02:02]} Qa6 {[%emt 0:04:19]} 13. Bg5 {[%emt 0:01:08]} b5 {[%emt 0:03:56]} 14. Nc3 {[%emt 0:01:56]} Nc7 {[%emt 0:02:06]} 15. Be7 {[%emt 0:00:11]} Re8 {[%emt 0:00:23]} 16. Bd6 {[%emt 0:00:09]} Ne6 {[%emt 0:06:21]} 17. a4 {[%emt 0:00:10]} b4 {[%emt 0:03:16]} 18. Ne2 {[%emt 0:00:06]} Nb6 {[%emt 0:04:27]} 19. Nd2 {[%emt 0:03:10]} Nd8 {[%emt 0:19:58]} 20. f4 {[%emt 0:04:35]} Nb7 {[%emt 0:00:33]} 21. a5 {[%emt 0:02:22]} Nc4 {[%emt 0:01:18]} 22. Nxc4 {[%emt 0:02:12]} Qxc4 {[%emt 0:00:30]} 23. Rc1 {[%emt 0:01:45]} Qb5 {[%emt 0:00:27]} 24. Qc2 {[%emt 0:05:04]} Nxd6 {[%emt 0:20:31]} 25. exd6 {[%emt 0:00:12]} Ba6 {[%emt 0:00:03]} 26. Rfe1 {[%emt 0:03:07]} c4 {[%emt 0:01:02]} 27. e5 {[%emt 0:00:56]} Qc5+ {[%emt 0:00:38]} 28. Kh2 {[%emt 0:00:51]} Rad8 {[%emt 0:04:41]} 29. Rcd1 {[%emt 0:05:41]} f6 {[%emt 0:03:14]} 30. d7 {[%emt 0:04:24]} Re7 {[%emt 0:02:02]} 31. Nd4 {[%emt 0:00:08]} b3 {[%emt 0:11:59]} 32. Nxb3 {[%emt 0:02:13]} Qb4 {[%emt 0:00:03]} 33. Nd4 {[%emt 0:00:56]} Bb7 {[%emt 0:01:21]} 34. e6 {[%emt 0:04:51]} f5 {[%emt 0:01:00]} 35. a6 {[%emt 0:03:14]} Ba8 {[%emt 0:00:06]} 36. Re2 {[%emt 0:04:45]} Qc5 {[%emt 0:04:11]} 37. Nf3 {[%emt 0:02:48]} h6 {[%emt 0:02:13]} 38. Nd2 {[%emt 0:00:39]} c3 {[%emt 0:02:16]} 39. bxc3 {[%emt 0:00:22]} Qb5 {[%emt 0:00:04]} 40. Nb3 {[%emt 0:05:10]} Qxa6 {[%emt 0:01:51]} 41. Qd3 {[%emt 0:30:42]} Qb6 {[%emt 0:33:15]} 42. Qc4 {[%emt 0:00:45]} Bf6 {[%emt 0:01:53]} 43. Nc5 {[%emt 0:02:57]} Qa5 {[%emt 0:00:00]} 44. Rd3 {[%emt 0:00:00]} Kh7 {[%emt 0:00:00]} 45. Ra2 {[%emt 0:00:00]} Qc7 {[%emt 0:00:00]} 46. Qa6 {[%emt 0:00:00]} Rg7 {[%emt 0:00:00]} 47. Qxa7 {[%emt 0:00:00]} Qxa7 48. Rxa7 {[%emt 0:00:00]} Be7 {[%emt 0:00:00]} 49. Na6 {[%emt 0:00:00]} Rgg8 {[%emt 0:00:00]} 50. Nc7 {[%emt 0:00:00]} Bc5 {[%emt 0:00:00]} 51. Rxa8 {[%emt 0:00:00]} Rxa8 {[%emt 0:00:00]} 52. Nxa8 {[%emt 0:00:00]} 1-0

[Event "CZE-ch 2020"]
[Site "Pilsen"]
[Date "2020.08.26"]
[Round "4.19"]
[White "Mladek, Richard"]
[Black "Nemec, Jachym"]
[Result "1/2-1/2"]
[WhiteElo "2280"]
[BlackElo "2150"]
[Annotator "TA"]
[PlyCount "84"]
[EventDate "2020.08.23"]
[EventType "swiss"]
[EventCountry "CZE"]
[SourceTitle "playchess.com"]
[Source "ChessBase"]
[SourceQuality "1"]

{[%evp 20,84,25,0,0,0,12,0,1,7,18,20,15,13,24,16,37,-9,13,13,16,16,20,6,14,12,20,20,41,7,18,14,9,0,10,0,0,-25,-23,-16,-18,-47,-59,-54,-54,-54,-61,-66,-70,-114,-130,-190,-66,-263,-202,-312,-40,-40,-40,-40,-40,-40,0,0,0,0,0]} 1. e4 c5 2. Nf3 Nc6 3. d4 cxd4 4. Nxd4 Nf6 5. Nc3 e5 6. Ndb5 d6 7. Bg5 a6 8. Na3 b5 {[%cal Bb7b5,Bb5b4][%mdl 32]} 9. Nd5 Be7 10. Bxf6 Bxf6 11. c4 b4 {B33: Sicilian: Pelikan and Sveshnikov Variations.} 12. Nc2 O-O 13. g3 a5 14. Bg2 Be6 15. O-O Bg5 16. Qd3 Qb8 17. f4 Bd8 {[#]} 18. Rad1 $146 ({Predecessor:} 18. Kh1 a4 19. b3 h6 20. Rad1 Qb7 21. Nde3 Bb6 22. Nf5 Rfd8 23. Qe2 axb3 24. axb3 {0-1 (31) Borisek,J (2541)-Moiseenko,A (2715) Porto Carras 2011}) 18... Bxd5 19. cxd5 Bb6+ 20. Kh1 Nd4 21. Ne3 Ra7 22. Nc4 Bc5 23. Rc1 {And now fxe5 would win.} b3 24. a4 {[#] Threatens to win with fxe5.} Bb4 25. Bf3 f6 26. Bd1 Rb7 27. Rb1 (27. Bxb3 $2 Nxb3 28. Qxb3 Bd2 $17) 27... Qe8 28. fxe5 fxe5 29. Bg4 Rbf7 30. Kg2 Rxf1 31. Rxf1 Rxf1 32. Qxf1 Qxa4 33. Ne3 Qe8 34. Qa6 h5 35. Bh3 (35. Bd1 $17 {was called for.}) 35... Qf7 ({Black should try} 35... a4 $19 {White must now prevent ...a3!} 36. Qb7 Qf7) 36. Qc8+ $2 (36. Nf5 $15 Kh7 37. Nxd4 exd4 38. Be6) 36... Kh7 $19 {( -> ...Qf3+!)} 37. Nf5 {[#]} (37. Bf5+ $142 Nxf5 38. Nxf5) 37... Bc5 $2 (37... Nc2 $1 $19 {aiming for ...a4.} 38. Kh1 a4) 38. Nxd4 $15 Bxd4 39. Be6 Qf2+ {[%mdl 64] Double Attack} 40. Kh3 g6 {Strongly threatening ...Qf1+.} ({Don't blunder} 40... Bxb2 $2 41. Bf5+ Qxf5+ 42. Qxf5+ $18) ({Stronger than} 40... Qxb2 41. Qg8+ Kh6 42. Bf5 Qxh2+ 43. Kxh2 Bg1+ 44. Kxg1 b2 45. Qh8+ Kg5 46. Qxg7#) (40... Qf6 $5 {[%cal Ra5a4]} 41. Bf5+ g6 42. Qc7+ Kh8 43. Qc8+ Kh7 44. Qc7+ Kh6 45. Qc1+ Kh7 46. Qc7+ $15) 41. Bf5 gxf5 42. Qd7+ Kg8 {Accuracy: White = 64%, Black = 79%.} 1/2-1/2

[Event "CZE-ch 2020"]
[Site "Pilsen"]
[Date "2020.08.26"]
[Round "4.20"]
[White "Brozka, Karel"]
[Black "Vorisek, Jaroslav"]
[Result "1/2-1/2"]
[WhiteElo "1991"]
[BlackElo "2279"]
[Annotator "ChessBase"]
[PlyCount "72"]
[EventDate "2020.08.23"]
[EventType "swiss"]
[EventCountry "CZE"]
[SourceTitle "playchess.com"]
[Source "ChessBase"]
[SourceQuality "1"]
[TimeControl "40/5400+30:1800+30"]

1. d4 {[%emt 0:00:00]} d5 {[%emt 0:00:00]} 2. c4 {[%emt 0:00:05]} e6 {[%emt 0:00:04]} 3. Nc3 {[%emt 0:00:46]} a6 {[%emt 0:00:34]} 4. a4 {[%emt 0:04:59]} Bb4 {[%emt 0:09:48]} 5. Nf3 {[%emt 0:02:16]} Nf6 {[%emt 0:05:24]} 6. Bg5 {[%emt 0:00:34]} c5 {[%emt 0:09:21]} 7. Bxf6 {[%emt 0:17:49]} Qxf6 {[%emt 0:02:45]} 8. e3 {[%emt 0:00:45]} Nc6 {[%emt 0:04:26]} 9. cxd5 {[%emt 0:02:18]} exd5 {[%emt 0:00:20]} 10. Be2 {[%emt 0:00:39]} cxd4 {[%emt 0:24:41]} 11. Nxd4 {[%emt 0:03:01]} Be6 {[%emt 0:04:52]} 12. O-O {[%emt 0:07:55]} O-O {[%emt 0:04:18]} 13. Bf3 {[%emt 0:02:40]} Bd6 {[%emt 0:09:43]} 14. Bxd5 {[%emt 0:12:10]} Bxd5 {[%emt 0:11:23]} 15. Nxd5 {[%emt 0:00:58]} Qe5 {[%emt 0:00:16]} 16. Nf3 {[%emt 0:00:26]} Qxb2 {[%emt 0:00:14]} 17. Rb1 {[%emt 0:00:53]} Qa3 {[%emt 0:00:22]} 18. Rxb7 {[%emt 0:01:42]} Rab8 {[%emt 0:00:48]} 19. Rxb8 {[%emt 0:04:47]} Rxb8 {[%emt 0:00:04]} 20. Qc2 {[%emt 0:01:52]} Ne5 {[%emt 0:01:47]} 21. Nxe5 {[%emt 0:03:33]} Bxe5 {[%emt 0:00:04]} 22. Qc6 {[%emt 0:05:48]} a5 {[%emt 0:02:35]} 23. g3 {[%emt 0:02:21]} h5 {[%emt 0:01:08]} 24. h4 {[%emt 0:02:15]} g6 {[%emt 0:00:39]} 25. f4 {[%emt 0:04:12]} Bd4 {[%emt 0:05:44]} 26. Re1 {[%emt 0:09:31]} Rd8 {[%emt 0:00:01]} 27. Qc4 {[%emt 0:02:25]} Bc5 {[%emt 0:01:10]} 28. Qe4 {[%emt 0:01:18]} Qb3 {[%emt 0:00:42]} 29. Nf6+ {[%emt 0:01:08]} Kf8 {[%emt 0:00:14]} 30. Qe5 {[%emt 0:01:28]} Bb4 {[%emt 0:00:34]} 31. Rf1 {[%emt 0:03:01]} Rd1 {[%emt 0:00:49]} 32. Rxd1 {[%emt 0:01:40]} Qxd1+ {[%emt 0:00:02]} 33. Kg2 {[%emt 0:00:22]} Qe2+ {[%emt 0:00:04]} 34. Kh3 {[%emt 0:00:06]} Qf1+ {[%emt 0:00:08]} 35. Kh2 {[%emt 0:00:04]} Qf2+ {[%emt 0:00:32]} 36. Kh3 {[%emt 0:00:09]} Qf1+ {[%emt 0:01:06]} 1/2-1/2

[Event "CZE-ch 2020"]
[Site "Pilsen"]
[Date "2020.08.26"]
[Round "4.21"]
[White "Svanda, Ondrej"]
[Black "Pokrupa, Marek"]
[Result "1-0"]
[WhiteElo "2250"]
[BlackElo "2164"]
[Annotator "ChessBase"]
[PlyCount "129"]
[EventDate "2020.08.23"]
[EventType "swiss"]
[EventCountry "CZE"]
[SourceTitle "playchess.com"]
[Source "ChessBase"]
[SourceQuality "1"]
[TimeControl "40/5400+30:1800+30"]

1. e4 {[%emt 0:00:00]} e6 {[%emt 0:01:36]} 2. d4 {[%emt 0:00:00]} d5 {[%emt 0:00:03]} 3. Nd2 {[%emt 0:00:00]} c5 {[%emt 0:01:00]} 4. Ngf3 {[%emt 0:01:25]} Nc6 {[%emt 0:03:00]} 5. exd5 {[%emt 0:00:16]} exd5 {[%emt 0:00:02]} 6. Bb5 {[%emt 0:00:32]} Bd6 {[%emt 0:00:06]} 7. O-O {[%emt 0:01:31]} Nge7 {[%emt 0:00:04]} 8. dxc5 {[%emt 0:03:01]} Bxc5 {[%emt 0:00:05]} 9. Nb3 {[%emt 0:00:05]} Bb6 {[%emt 0:00:57]} 10. Re1 {[%emt 0:04:48]} O-O {[%emt 0:01:50]} 11. Bg5 {[%emt 0:02:12]} Qd6 {[%emt 0:05:49]} 12. c4 {[%emt 0:11:44]} Be6 {[%emt 0:18:30]} 13. Rc1 {[%emt 0:06:46]} Bd8 {[%emt 0:11:28]} 14. c5 {[%emt 0:09:44]} Qc7 {[%emt 0:09:34]} 15. Nfd4 {[%emt 0:11:11]} Bd7 {[%emt 0:04:46]} 16. Bd3 {[%emt 0:15:57]} a6 {[%emt 0:08:56]} 17. Bh4 {[%emt 0:08:02]} Qc8 {[%emt 0:10:56]} 18. Bg3 {[%emt 0:01:42]} Nxd4 {[%emt 0:06:47]} 19. Nxd4 {[%emt 0:00:02]} Nc6 {[%emt 0:00:11]} 20. Qh5 {[%emt 0:08:25]} f5 {[%emt 0:00:07]} 21. Nxc6 {[%emt 0:03:02]} Qxc6 {[%emt 0:00:02]} 22. Bd6 {[%emt 0:00:28]} Rf7 {[%emt 0:00:34]} 23. Qf3 {[%emt 0:05:21]} Ba5 {[%emt 0:09:46]} 24. Re5 {[%emt 0:00:54]} Rc8 {[%emt 0:01:33]} 25. Qxd5 {[%emt 0:01:08]} Qxd5 {[%emt 0:03:56]} 26. Rxd5 {[%emt 0:00:02]} Bc7 {[%emt 0:00:24]} 27. Bc4 {[%emt 0:00:54]} Be6 {[%emt 0:00:12]} 28. Bxc7 {[%emt 0:01:44]} Bxd5 {[%emt 0:00:26]} 29. Bxd5 {[%emt 0:00:03]} Rcxc7 {[%emt 0:00:04]} 30. g3 {[%emt 0:01:50]} Kf8 {[%emt 0:00:02]} 31. Bxf7 {[%emt 0:00:03]} Kxf7 {[%emt 0:00:05]} 32. Kg2 {[%emt 0:00:56]} Ke6 {[%emt 0:00:09]} 33. Kf3 {[%emt 0:00:02]} Kd5 {[%emt 0:00:16]} 34. Kf4 {[%emt 0:00:08]} a5 {[%emt 0:02:02]} 35. f3 {[%emt 0:01:44]} g6 {[%emt 0:00:39]} 36. Kg5 {[%emt 0:00:37]} Kd4 {[%emt 0:00:17]} 37. Rc3 {[%emt 0:00:04]} a4 {[%emt 0:01:01]} 38. h4 {[%emt 0:00:22]} a3 {[%emt 0:00:12]} 39. Rxa3 {[%emt 0:00:05]} Rxc5 {[%emt 0:00:05]} 40. Rb3 {[%emt 0:00:12]} Rc7 {[%emt 0:00:35]} 41. h5 {[%emt 0:30:01]} gxh5 {[%emt 0:09:04]} 42. Kxf5 {[%emt 0:00:00]} Rc5+ {[%emt 0:00:10]} 43. Ke6 {[%emt 0:00:00]} Rc6+ {[%emt 0:08:25]} 44. Kf5 {[%emt 0:00:00]} Rc5+ {[%emt 0:00:33]} 45. Kf6 {[%emt 0:00:00]} Rc6+ {[%emt 0:00:16]} 46. Kg5 {[%emt 0:00:00]} Rg6+ {[%emt 0:04:27]} 47. Kh4 {[%emt 0:00:00]} b6 {[%emt 0:04:07]} 48. f4 {[%emt 0:00:00]} Ke4 {[%emt 0:00:16]} 49. Kxh5 {[%emt 0:00:00]} Rd6 {[%emt 0:00:55]} 50. Rb4+ {[%emt 0:00:00]} Kf5 {[%emt 0:00:15]} 51. g4+ {[%emt 0:00:00]} Kf6 {[%emt 0:00:04]} 52. Rb5 {[%emt 0:00:00]} Kg7 {[%emt 0:00:26]} 53. g5 {[%emt 0:00:00]} h6 {[%emt 0:01:47]} 54. f5 {[%emt 0:00:00]} hxg5 {[%emt 0:00:13]} 55. Kxg5 {[%emt 0:00:00]} Kf7 {[%emt 0:00:15]} 56. a4 {[%emt 0:00:00]} Rc6 {[%emt 0:01:23]} 57. b4 {[%emt 0:00:00]} Rd6 {[%emt 0:00:06]} 58. a5 {[%emt 0:00:00]} bxa5 {[%emt 0:00:11]} 59. bxa5 {[%emt 0:00:00]} Ra6 {[%emt 0:02:01]} 60. f6 {[%emt 0:00:00]} Ra7 {[%emt 0:02:15]} 61. Kf5 {[%emt 0:00:00]} Rd7 {[%emt 0:04:24]} 62. a6 {[%emt 0:00:00]} Kg8 {[%emt 0:00:33]} 63. Kg6 {[%emt 0:00:00]} Rg7+ {[%emt 0:00:02]} 64. Kf5 {[%emt 0:00:00]} Ra7 {[%emt 0:00:16]} 65. Rb8+ {[%emt 0:00:00]} 1-0